Подорожній щоденник (Itinerarium 1708 – 1709) (Запис № 17392)
[ простий вигляд ]
| 000 -Маркер запису | |
|---|---|
| Контрольне поле сталої довжини | 02747nam a22002297a 4500 |
| 003 - Належність контрольного номера | |
| Контрольне поле | Uzh_bibl |
| 008 - Кодовані дані | |
| Контрольне поле сталої довжини | 260420b |||||||| |||| 00| 0 ukr d |
| 020 ## - Індекс ISBN | |
| ISBN | 966-7551-04-0 |
| Ціна | 3.50 |
| 040 ## - Джерело каталогіз. | |
| Код мови каталог. | укр. |
| 041 ## - Код мови видання | |
| Код мови оригіналу | словацька |
| Код мови тексту | українська |
| 080 ## - Індекс УДК | |
| Індекс УДК | 94(477) |
| 090 ## - Шифри | |
| Поличний індекс | 94(477) |
| Авторський знак | К 82 |
| 100 ## - Автор | |
| Автор | Крман,Даніел |
| 245 ## - Назва | |
| Назва | Подорожній щоденник (Itinerarium 1708 – 1709) |
| Відповідальність | пер.з слов.Ольга й Григорій Булахи;Вступне слово. Акад. І. Дзюба . |
| Фізичний носій | Текст |
| 260 ## - Вихідні дані | |
| Місце видання | Київ |
| Видавництво | Вид.центр "Просвіта"; Видавництво ім.Олени Теліги |
| Дата видання | 1999 |
| 300 ## - Фізичний опис | |
| Обсяг | 160 с. |
| Тип одиниці | В опр. |
| 520 ## - Анотація | |
| Анотація | З багатьох творів про Україну, авторами яких були чужинці, «Подорожній щоденник» (1708—1709) Даніела Крмана є один з найцікавіших і — для нашої історії — найважливіших. В ньому оживає Україна 17—18 ст., її гетьман Іван Мазепа, який виглядом і особистістю «козацького генія» справив велике враження на словака Д.Крмана і його співмандрівників. Особливо цінним для наших істориків буде також свідчення цих словаків про Полтавську битву 1709 р., в якій Карло XII і Петро І схрестили мечі. У світлі цього твору, який вважається вершиною словацького літературного бароко, доведеться, мабуть, переглянути і дещо доповнити історію цієї трагічної події, від якої Україна на 350 років стала колонією Росії.<br/><br/>Українського читача не все, одначе, потішить у щоденнику Д.Крмана, який був протестантом (євангелистом) і з погляду свого віросповідання оцінював чимало побаченого й почутого в тогочасній Україні. Тому читання цього твору потребує певного критичного підходу до деяких явищ і подій. В українському перекладі книга виходить вперше.<br/> |
| 521 ## - Примітка про цільове призначення | |
| Примітка про цільове призначення | Для широкого кола читачів |
| 546 ## - Примітка про мову | |
| Примітка про мову | укр. |
| 650 ## - Тематичні рубрики | |
| Основна рубрика | Літературно-історичне видання |
| 942 ## - ADDED ENTRY ELEMENTS (KOHA) | |
| Джерело класифікації чи схема поличного розташування | |
| Koha item type | Книги |
| Статус вилучення | Статус втрати/відсутності | Джерело класифікації чи схема поличного розташування | Статус пошкодження | Тип обігу (не для випозичання) | Постійне розташування | Поточне розташування | Розташування у відділі | Дата надходження | Інвентарний номер | Total Checkouts | Повний (примірниковий) шифр зберігання | Штрих-код | Date last seen | Дата, для якої чинна ціна заміни | Тип одиниці (рівень примірника) |
|---|---|---|---|---|---|---|---|---|---|---|---|---|---|---|---|
| Публічна бібліотека | Публічна бібліотека | Абонемент | 20/04/2026 | 53263 | 94(477) | 19320 | 20/04/2026 | 20/04/2026 | Книги |